Partial differential equations : (Record no. 28819)

000 -LEADER
fixed length control field 00749 a2200205 4500
020 ## - INTERNATIONAL STANDARD BOOK NUMBER
International Standard Book Number 0130093351
020 ## - INTERNATIONAL STANDARD BOOK NUMBER
International Standard Book Number 9780130093356
082 04 - DEWEY DECIMAL CLASSIFICATION NUMBER
Classification number 515.353
090 ## - LOCALLY ASSIGNED LC-TYPE CALL NUMBER (OCLC); LOCAL CALL NUMBER (RLIN)
-- 181
-- 181
100 1# - MAIN ENTRY--PERSONAL NAME
Personal name McOwen, Robert.
245 10 - TITLE STATEMENT
Title Partial differential equations :
Remainder of title methods and applications /
Statement of responsibility, etc. Robert McOwen.
250 ## - EDITION STATEMENT
Edition statement 2nd ed.
260 ## - PUBLICATION, DISTRIBUTION, ETC.
Place of publication, distribution, etc. [S.l.] :
Name of publisher, distributor, etc. Prentice Hall,
Date of publication, distribution, etc. 1996.
300 ## - PHYSICAL DESCRIPTION
Extent 452 p. ;
Dimensions 23 cm.
490 1# - SERIES STATEMENT
Series statement 2nd edition.
830 ## - SERIES ADDED ENTRY--UNIFORM TITLE
Uniform title 2nd edi
942 ## - ADDED ENTRY ELEMENTS (KOHA)
Institution code [OBSOLETE] SNS
Koha item type Book
Call number prefix 515.353 MCO
Holdings
Withdrawn status Lost status Damaged status Not for loan Permanent Location Current Location Date acquired Total Checkouts Full call number Barcode Date last seen Price effective from Koha item type
        School of Natural Sciences (SNS) School of Natural Sciences (SNS) 05/26/2016   515.353 MCO SNS0000079 11/07/2018 05/26/2016 Book
        School of Natural Sciences (SNS) School of Natural Sciences (SNS) 05/26/2016   515.353 MCO SNS0000080 05/26/2016 05/26/2016 Book
© 2023 Central Library, National University of Sciences and Technology. All Rights Reserved.